00605 a2200193 450000100060000002000150000604000240002110000200004524000280006524500230009330000080011636200090012444000150013365000310014894200070017995201040018695201040029099900170039469719 a8516050491 cAnchieta - Itaigara aMcDonald, Megan10aDoutora Judy Moodylpor10aDoutora Judy Moody a1820 a2006 1aSalamandra 4aLiteratura infanto-juvenil cBK 00104070a88.1b88.1d2023-11-21l0o028.5 MCD DOUp2365/ITAr2023-11-21 20:04:24w2023-11-21yBK 00104070a88.1b88.1d2023-11-21l0o028.5 MCD DOUp2366/ITAr2023-11-21 20:04:24w2023-11-21yBK c69719d69719